000 00639nam a2200253 a 4500
001 0001-1244
003 ELIB.Books
008 150603 2010 eng
020 _aKBTS
035 _a(ELIB.Books)0001-1399
092 _a15493
_b264.2
100 _aFisher, Tim.
245 _aThe Battle for Christian Music:
250 _aSecond Edition
260 _aGreenville
_bSacred Music Services
_c2004
300 _a166
_c21.5 Cm
500 _aC/o Moe Tarmalar Paw
650 _aMusic
856 _nKBTS: Library
_uKBTS: Elib
942 _2ddc
_cBK
990 _a2
998 _cbat
_e2015-06-03
999 _c11244
_d11244